00562nam a22001337a 4500008004100000020001500041050001600056100002400072245008600096260001000182300003000192500004000222505016600262121116t xxu||||| |||| 00| 0 eng d a9988094094 aHD58.8..K13 aKannae, Lawrence A. aManaging organizational change: a handbook for practioners. /cLawrence A. kannae c2007. avii, 93 p.:bill.;c20cm. aIncludes bibliographical references aIntroduction -- The Nature of change -- The Process of change -- Introducing and managing change -- Managing change in the public sector -- Figures -- Appendices